მათემატიკა : გეომეტრია (ბიბ.ჩანაწერი № 49596)
[ მარტივი ფორმატი ]
| 000 -LEADER | |
|---|---|
| fixed length control field | 00890nam a2200229Ia 4500 |
| 001 - CONTROL NUMBER | |
| control field | 16528 |
| 003 - CONTROL NUMBER IDENTIFIER | |
| control field | GE_BSU |
| 008 - FIXED-LENGTH DATA ELEMENTS--GENERAL INFORMATION | |
| fixed length control field | 181216s||||||||xx |||||||||||||| ||und|| |
| 020 ## - INTERNATIONAL STANDARD BOOK NUMBER | |
| International Standard Book Number | 978-9941-0-1795-7 |
| 040 ## - CATALOGING SOURCE | |
| Transcribing agency | GE_BSU |
| 080 ## - UNIVERSAL DECIMAL CLASSIFICATION NUMBER | |
| Universal Decimal Classification number | 51(075.4)+514(075.4) |
| 100 ## - MAIN ENTRY--PERSONAL NAME | |
| Personal name | ბეჟან ღვაბერიძე, ფრიდონ დვალიშვილი, ალექსანდრე მოსიძე [და სხვ |
| 245 ## - TITLE STATEMENT | |
| Title | მათემატიკა : გეომეტრია |
| 245 ## - TITLE STATEMENT | |
| Remainder of title | საატესტატო და ეროვნული გამოცდებისათვის |
| 245 ## - TITLE STATEMENT | |
| Statement of responsibility, etc. | რედ. ნ. ქალდანი. |
| 260 ## - PUBLICATION, DISTRIBUTION, ETC. | |
| Place of publication, distribution, etc. | თბილისი |
| 260 ## - PUBLICATION, DISTRIBUTION, ETC. | |
| Date of publication, distribution, etc. | 2014 |
| 300 ## - PHYSICAL DESCRIPTION | |
| Extent | 384გვ.27სმ. |
| 653 ## - INDEX TERM--UNCONTROLLED | |
| Uncontrolled term | მათემატიკა : გეომეტრია |
| 942 ## - ADDED ENTRY ELEMENTS (KOHA) | |
| Koha item type | წიგნი |
არაა ხელმისაწვდომი ეგზემპლარები.
